| 000 | 01364cam a2200301 4500 | ||
|---|---|---|---|
| 008 | 030113n2002 000 0 eng u | ||
| 020 | _a0749436980 | ||
| 035 | _a(Sirsi) u120961 | ||
| 041 | _aeng. | ||
| 050 |
_a346.41024 _c18 |
||
| 100 | _aCushway, Barry | ||
| 245 |
_aEmployer's handbook _ban essential guide to employment law, personnel policies and procedures |
||
| 260 |
_aLondon _bKogan Page _c2002 |
||
| 300 |
_a320p. _c25cm. |
||
| 350 | _a35 | ||
| 520 | _aDesigned for small to medium sized employers, this text offers non-legalese expert advice and information on UK employment law. Includes guidance on the law's requirements and best practice, and contains model letters, forms, policy documents and procedures for dealing with all key employment issues. Among the many specific topics covered are: staff recruitment, writing employment contracts, paying staff, dealing with absence, writing a staff handbook, tribunal cases, and working with trade unions. | ||
| 520 | _aAccompained by a CD-ROM (L145258) which is not available for loan. | ||
| 650 | _aEMPLOYMENT LAW | ||
| 650 |
_aHEALTH AND SAFETY _96244 |
||
| 650 | _aRECRUITMENT | ||
| 650 | _aEMPLOYMENT CONTRACTS | ||
| 650 | _aSTAFF HANDBOOK | ||
| 650 | _aEMPLOYMENT TRIBUNALS | ||
| 650 | _aPERSONNEL MANAGEMENT | ||
| 650 | _aMATERNITY RIGHTS | ||
| 690 | _aLAW | ||
| 942 | _n0 | ||
| 999 |
_c102576 _d102576 |
||